000 00725cam a2200241 i 4500
001 377104
005 20180223084728.0
008 790613s1979 paua b 000 0 eng
010 _a 78064718
020 _a0721663621
040 _aDLC
_cDLC
_dDLC
041 _aeng
060 _aSF955 M659s
080 _a636.1089
082 0 0 _a636.1089 MIL
100 1 _a6
101 _aANA
245 1 3 _aAn Atlas of surgical approaches to the bones of the horse /
_cDennis W. Milne, A. Simon Turner ; text and cover ill. by Bud Kramer.
504 _aIncludes bibliographies and index.
740 0 _aSurgical approaches to the bones of the horse.
906 _a7
_bcbc
_corignew
_d1
_eopcn
_f19
_gy-gencatlg
942 _2ddc
_cBK
999 _c43328
_d43328